THE STUDY OF SHEFALIPATRAY KWATH IN GRUDHRASI (Record no. 1183064)

MARC details
000 -LEADER
fixed length control field 00412nam a2200157Ia 4500
008 - FIXED-LENGTH DATA ELEMENTS--GENERAL INFORMATION
fixed length control field 240829s2004 xx 000 0 und d
041 ## - LANGUAGE CODE
Language code of text/sound track or separate title eng
082 ## - DEWEY DECIMAL CLASSIFICATION NUMBER
Classification number 615.53
100 ## - MAIN ENTRY--PERSONAL NAME
Personal name DR. SALUNKHE R
245 ## - TITLE STATEMENT
Title THE STUDY OF SHEFALIPATRAY KWATH IN GRUDHRASI
250 ## - EDITION STATEMENT
Edition statement 1
260 ## - PUBLICATION, DISTRIBUTION, ETC.
Place of publication, distribution, etc. 2004
-- PUNE
Name of publisher, distributor, etc. N.D.
300 ## - PHYSICAL DESCRIPTION
Extent 200p
650 ## - SUBJECT ADDED ENTRY--TOPICAL TERM
Topical term or geographic name entry element KAYA-CHIKITSA
906 ## - LOCAL DATA ELEMENT F, LDF (RLIN)
a THE STUDY OF SHEFALIPATRAY KWATH IN GRUDHRASI

No items available.